Alimentación y nutrición : creación de un mundo bien alimentado.

Guardado en:
Autor Corporativo: Organización de las Naciones Unidas para la Agricultura y la Alimentación.
Formato: Libro
Idioma:Spanish
Publicado: Roma : FAO, 1992.
Etiquetas: Agregar Etiqueta
Sin Etiquetas, Sea el primero en etiquetar este registro!
LEADER 00484nam a22001335a 4500
001 EEA.libagro005437
005 20180628114142.0
008 130809s1992####it#a##########000#0#spa#d
082 0 4 |a 338.181 
110 2 |a Organización de las Naciones Unidas para la Agricultura y la Alimentación. 
245 1 0 |a Alimentación y nutrición :  |b creación de un mundo bien alimentado. 
260 |a Roma :  |b FAO,  |c 1992. 
300 |a 24 p. :  |b il. ;  |c 30 cm. 
859 |a AR-BbBCA  |b BIB. AGRONOMIA  |h 338.181  |i F218-9  |p 1996/2751